|
|
|
|
| LEADER |
00000nam a22000007a 4500 |
| 005 |
20210716225035.0 |
| 007 |
cr|||| |||| |
| 008 |
210716s2020 co |||||s|||| 00||0 spa d |
| 020 |
|
|
|a 978-958-792-221-9
|
| 035 |
|
|
|a 33324
|
| 040 |
|
|
|a vLex
|
| 090 |
|
|
|c 11863
|d 11863
|
| 100 |
1 |
|
|a Benedetti, Ariel M.
|
| 245 |
1 |
0 |
|a Aceleracin̤ digital claves para vender online
|h [Recurso electrn̤ico] :
|b Una gua̕ prc̀tica para impulsar tu negocio y vender online de forma efectiva /
|c Ariel M. Benedetti
|
| 256 |
|
|
|a Servicio en ln̕ea
|
| 260 |
|
|
|a Bogot:̀
|b Ediciones de la U,
|c 2020
|
| 300 |
|
|
|a 1 recurso electrn̤ico
|
| 500 |
|
|
|a Hoy las compaą̕s que no reinventan sus operaciones comerciales con una impronta digital pueden quedar afuera de la competencia o reducir notoriamente su market share. En los l︢timos tiempos la adopcin̤ de nuevas tecnologa̕s se aceler.̤ Millones de personas se sumaron como compradores virtuales, y comenzaron a adquirir productos y servicios de forma online, como nunca lo haba̕n hecho antes. Esto en marketing es una revolucin̤. Esta obra, por su carc̀ter prc̀tico, se centrar ̀en la informacin̤ indispensable y capital, lo que no puede faltar en la estrategia de marketing digital de una PyME, que busca vender online. Es una gua̕ que te llevar ̀directo a la accin̤. “Ariel tiene varias cualidades que lo diferencian. Por un lado es alguien que escribe y enseą desde la experiencia y no desde la comodidad de una oficina sin caminar la calle y las redes. Es muy claro y generoso al dar consejos que rp̀idamente puedes implementar. Sus libros son una gua̕ paso a paso para mejorar tus estrategias digitales.”
|
| 506 |
1 |
|
|a Disponible solo en los productos indicados
|d vLex Global
|d vLex Global (Academic Edition, excluding Law Schools)
|d vLex Global (U.S. Academic Edition, Law Schools)
|d vLex Global (U.S. Academic Edition, excluding Law Schools)
|d vLex Global (Academic Edition, Law Schools)
|
| 650 |
0 |
4 |
|a Marketing
|z Colombia
|
| 740 |
0 |
|
|a vLex Libros (Servicio en ln̕ea)
|
| 856 |
4 |
0 |
|u https://vlex.com/source/aceleracion-digital-claves-para-vender-online-una-guia-practica-para-impulsar-tu-negocio-y-vender-online-de-forma-efectiva-33324
|z Acceso restringido
|
| 942 |
|
|
|c BOOK
|
| 999 |
0 |
|
|a Marketing
|